| 000 | 00732nam a2200181 i 4500 | ||
|---|---|---|---|
| 001 | 164459 | ||
| 003 | ES-MaACL | ||
| 005 | 20230906212936.0 | ||
| 008 | 030819s1890 sp |||| | spa d | ||
| 040 |
_aCCPB | B _bspa _cCCPB | B |
||
| 100 | 1 |
_aSallarés y Pla, Juan. _9132338 |
|
| 245 | 1 | 4 |
_aLas ocho horas _b: algo sobre la cuestión obrera / _cpor Juan Sallarés y Pla. |
| 260 |
_aBarcelona : _bLibrería de Luis Niubó, _c1890. |
||
| 300 |
_a117 p. ; _c19 cm. |
||
| 650 |
_aJornada laboral- _zEspaña. _913942 |
||
| 852 |
_aES-MaACL _jT-1299-F-7 _z-- Enc. hol. conservando la cub. original _z-- Enc. en un vol. facticio |
||
| 852 |
_aES-MaACL _jT-592-F-1 _z-- Enc. hol. conservando la cub. orginal _q-- Enc. en un vol. facticio |
||
| 999 |
_c164459 _d164459 |
||